00281nam a2200121Ia 4500008004100000100001400041245001900055260003200074300000900106650002000115942000700135999001700142190216s9999||||xx |||||||||||||| ||und|| aSumangala 0aAksha Hridayam bPoorna Pubs Kozhikodec1989 a100p aMalayalam Novel cBK c26496d26496